000 00837nam a22002057a 4500
999 _c371063
_d371063
008 201127b ||||| |||| 00| 0 eng d
040 _aISIL EINTRAGEN
_bger
_cSTAFF
_erda
041 _ager
100 _aBraun, Matthias
245 _aSteile Formkurve der Linkshänderin.
_bHandball: Sandra Szary empfängt am Sonnabend mit dem Frankfurter HC den HC Rödertal zum Gipfeltreffen der Dritten Liga. Die 26-Jährige Rückraumspielerin fühlt sich top fit./
_cMatthias Braun
653 _aFrankfurt (Oder)
653 _aFrankfurter HC
653 _aHandball
653 _aHandballspielerin
773 _g32. Jahrgang (2021) Nr. 253 vom 29.10.2021, S. 21
_dFrankfurt (Oder) Märkisches Verlags- und Druckhaus GmbH & Co KG
_tMärkische Oderzeitung
942 _cA